00000000nam##2200000za#4500
0019.671406
003CaOODSP
00520250206125413
007ta
008150407|2009||||xxc|||||     f|0| 0 fre|d
020 |a978-0-662-06915-7
040 |aCaOODSP|bfre
041 |aeng
041 |afre
043 |an-cn---
0861 |aA104-78/1-2009
1102 |aAgence canadienne d'inspection des aliments.
24513|aLa salubrité des aliments, cahier d'activités
260 |aOttawa - Ontario : |bAgence canadienne d'inspection des aliments |c[2009].
300 |a8p. : |bill. en couleur ; |c28 cm.
500 |a«Pour les enfants de la maternelle à la 3e année (enfants de 5 à 8 ans) et tous ceux qui s'intéressent à la salubrité des aliments!»
5203 |aÀ l’aide d’activités amusante, ce cahier vise à informer les jeunes au sujet de la salubrité des aliments.
563 |aCouverture souple
590 |a09-48|b2009-11-27
69107|aSécurité alimentaire|2gcpds
7760#|tFood safety activity book |w(CaOODSP)9.675011
791 |tFood safety activity booklet |eeng|w(CaOODSP)9.671405
986 |aCFIA/ACIA P0658E-09